00322nam a22001097a 450000500170000000800410001708200140005811000270007224500590009926000460015865000080020420200604095334.0200604b xxu||||| |||| 00| 0 eng d a345.4 AIR aThe All India Reporter aThe All India Reporter1964 (V-51) SUPRIM COURT Section aBOMBAYbThe All India Reporter Ltd.c1964 aLAW